000 00493nam a2200157Ia 4500
003 GCL
008 140319s9999 xx 000 0 ara d
040 _aGCL /
_cGCL
082 0 4 _a812.052
_bم ك
100 1 _aمحفوظ عبدالرحمن
245 1 0 _aكوكب الفئران (هدية من الاديب عبدالفتاح الجمل) /
_cمحفوظ عبدالرحمن
490 _a
650 0 4 _aالادب العربى
650 0 4 _aالمسرحيات العربية
942 _2ddc
_cBK
999 _c40150
_d40150